First Vowel 'I' Countries Quiz Stats

 Plays Quiz Updated Oct 16, 2017

Score 0/31 Timer 05:00
4 Plays Today
Country % Correct
India
91.8%
Indonesia
86.6%
Iran
86.5%
Iraq
86.2%
Ireland
85.9%
Iceland
83.8%
Italy
83.1%
Finland
76.7%
China
75.9%
Israel
74.8%
Chile
69.6%
Libya
65.9%
Lithuania
64.1%
Fiji
63.9%
Niger
63.8%
Nigeria
63.1%
Country % Correct
Zimbabwe
61%
Djibouti
58.4%
Vietnam
58%
Liberia
57.9%
Liechtenstein
57.8%
Kiribati
54.5%
Switzerland
50.8%
Nicaragua
50.5%
Philippines
49.9%
Singapore
46.8%
Micronesia
44.7%
Sri Lanka
44.5%
Trinidad and Tobago
41.6%
Timor-Leste
38.8%
Sierra Leone
36.2%

You're not logged in!

Compare scores with friends on all Sporcle quizzes.
OR
Log In

You Might Also Like...

Show Comments

Extras

Top Quizzes Today


Score Distribution

Your Account Isn't Verified!

In order to create a playlist on Sporcle, you need to verify the email address you used during registration. Go to your Sporcle Settings to finish the process.

Report this User

Report this user for behavior that violates our Community Guidelines.

Details: